Nove funkčné geopolyméry na báze aluminosilikátov a ich využitie v environmentálnych aplikaciách

Uložené v:
Podrobná bibliografia
Hlavný autor: Juriček, Adrián (Autor)
Ďalší autori: Slaný, Michal (Vedúci práce)
Médium: Rukopis Kniha
Jazyk:Slovak
Vydavateľské údaje: 2025
Predmet:
On-line prístup:http://is.stuba.sk/zp/portal_zp.pl?podrobnosti=179620
CRZP
Tagy: Pridať tag
Žiadne tagy, Buďte prvý, kto otaguje tento záznam!

MARC

LEADER 00000ntm a22000003a 4500
001 stuzp102080
003 SK-STU
005 20250724135007.1
007 ta
008 150427s2015----xo-----f-mn---000-0-slo-d
040 |a STU  |b slo 
041 0 |a slo 
100 1 |a Juriček, Adrián  |u 010200  |4 aut  |U SvF Stavebná fakulta  |T SvF Katedra materiálového inžinierstva a fyziky  |X 103568  |U V200  |Y 844  |7 103568 
242 0 1 |a Novel functional geopolymers based on aluminosilicates and their use in environmental applications  |y eng 
245 1 0 |a Nove funkčné geopolyméry na báze aluminosilikátov a ich využitie v environmentálnych aplikaciách 
260 |c 2025 
650 4 |a Metakolin  |2 eng 
650 4 |a Metabentonite  |2 eng 
650 4 |a Clays  |2 eng 
650 4 |a Adsorpion  |2 eng 
650 4 |a Geopolymers  |2 eng 
650 4 |a Metakaolín  |2 slo 
650 4 |a Metabentonit  |2 slo 
650 4 |a Íly  |2 slo 
650 4 |a Adsorpcia  |2 slo 
650 4 |a Geopolyméry  |2 slo 
700 1 |a Slaný, Michal  |u 010200  |k Z2  |4 ths  |U SvF Stavebná fakulta  |T SvF Katedra materiálového inžinierstva a fyziky  |X 60027  |U V200  |Y 844  |7 60027 
856 4 |u http://is.stuba.sk/zp/portal_zp.pl?podrobnosti=179620 
856 4 |u https://opac.crzp.sk/?fn=detailBiblioForm&sid=4013D2F8FE5692F45AC32F4F6B33  |z CRZP